Hauptstädte Ozeaniens - Statistiken

Allgemein
  • Dieses Quiz wurde 25.786 mal gespielt
  • Das Durchschnittsergebnis liegt bei 8 aus 14
Antworten auf der Karte
Die Antworten werden auf der Karte rot bzw. grün angezeigt, abhängig davon wie oft sie richtig erraten wurden.
 
Antwortstatistiken
Land Hauptstadt % Korrekt
Australien Canberra
99%
Neuseeland Wellington
90%
Papua-Neuguinea Port Moresby
68%
Fidschi Suva
64%
Vanuatu Port Vila
53%
Samoa Apia
52%
Tuvalu Funafuti
52%
Nauru Yaren
51%
Kiribati South Tarawa
47%
Tonga Nukuʻalofa
46%
F.S. von Mikronesien Palikir
46%
Palau Ngerulmud
45%
Salomonen Honiara
44%
Marshallinseln Majuro
42%
Keine übereinstimmenden Quizze gefunden
Verteilung der Resultate
Anzahl Personen mit jedem Resultat
Perzentil nach korrekt beantworteten Fragen
Ihre Resultats-Entwicklung
Sie haben dieses Quiz noch nicht gespielt